LIBRARY ONLINE CATALOGUE

Encyclopedia of world religions / (Record no. 15217)

MARC details
000 -LEADER
fixed length control field 00541nam a22001932 4500
001 - CONTROL NUMBER
control field 0000019859
005 - DATE AND TIME OF LATEST TRANSACTION
control field 20151217161155.0
008 - FIXED-LENGTH DATA ELEMENTS--GENERAL INFORMATION
fixed length control field 110225s xx 000 0 eng d
020 ## - INTERNATIONAL STANDARD BOOK NUMBER
International Standard Book Number 1601360002 :
040 ## - CATALOGING SOURCE
Original cataloging agency KABU
Transcribing agency KABU
245 10 - TITLE STATEMENT
Title Encyclopedia of world religions /
Statement of responsibility, etc. Editor-in-chief Johannes P. Schade.
250 ## - EDITION STATEMENT
Edition statement 1st ed.
260 ## - PUBLICATION, DISTRIBUTION, ETC. (IMPRINT)
Name of publisher, distributor, etc. Concord,
Date of publication, distribution, etc. 2006.
300 ## - PHYSICAL DESCRIPTION
Extent 960 p.
650 #0 - SUBJECT ADDED ENTRY--TOPICAL TERM
Topical term or geographic name as entry element Religion
Form subdivision Encyclopedias.
-- 0000179831
908 ## - PUT COMMAND PARAMETER (RLIN)
Put command parameter 110225
950 ## - LOCAL HOLDINGS (RLIN)
-- 1
Holdings
Withdrawn status Lost status Source of classification or shelving scheme Not for loan Home library Current library Date acquired Total Checkouts Full call number Barcode Date last seen Price effective from Koha item type
    Library of Congress Classification Not For Loan Kabarak, Main Campus Kabarak, Main Campus 17/12/2015   BL80.3 .E53 2006 c.1 22261 17/12/2015 17/12/2015 Reference